00772nam a2200157 a 450000100100000000500170001000800410002704000200006808200160008810000280010424502360013226000860036830000200045495201230047499900170059700002845420200930054943.0110408s1992 dr r 000 0 spa d aDO-SdBNPcBNPHU axxxxbS232d1 aSantana, Roberto95541410aDiscurso pronunciado por el Lic. Roberto Santana en el acto de proclamación oficial de su candidatura a rector de la UASD por el movimiento profesoral de transformación universitaria, 15 de diciembre de 1992 /cRoberto Santana. aSanto Domingo :bMovimiento Profecional de Transformación Universitaria,c1992. a11 p. :b21 cm. 001054708PDaPDbPDcCTd2011-04-08iLF1l0oxxxx S232dp28454-10r2020-06-25w2020-06-25yLFPDZPréstamo en sala c27946d27946